<?xml version="1.0" encoding="UTF-8"?>
<record
    xmlns:xsi="http://www.w3.org/2001/XMLSchema-instance"
    xsi:schemaLocation="http://www.loc.gov/MARC21/slim http://www.loc.gov/standards/marcxml/schema/MARC21slim.xsd"
    xmlns="http://www.loc.gov/MARC21/slim">

  <leader>01251nam a22002297a 4500</leader>
  <controlfield tag="005">20180406125415.0</controlfield>
  <datafield tag="010" ind1=" " ind2=" ">
    <subfield code="a">HIN-98792		B-690286-287</subfield>
  </datafield>
  <datafield tag="020" ind1=" " ind2=" ">
    <subfield code="c">200.00</subfield>
    <subfield code="a">9788188926176</subfield>
  </datafield>
  <datafield tag="035" ind1=" " ind2=" ">
    <subfield code="a">HN-71138</subfield>
  </datafield>
  <datafield tag="035" ind1=" " ind2=" ">
    <subfield code="a">B-690286-287</subfield>
  </datafield>
  <datafield tag="037" ind1=" " ind2=" ">
    <subfield code="b">DBAD / PUB</subfield>
  </datafield>
  <datafield tag="037" ind1=" " ind2=" ">
    <subfield code="b">&#x915;&#x943;&#x924;&#x93F;&#x915;&#x93E; &#x92C;&#x941;&#x915;&#x94D;&#x938; </subfield>
  </datafield>
  <datafield tag="082" ind1=" " ind2=" ">
    <subfield code="a">920</subfield>
  </datafield>
  <datafield tag="100" ind1=" " ind2=" ">
    <subfield code="a">&#x935;&#x930;&#x94D;&#x92E;&#x93E;,&#x92E;&#x928;&#x94B;&#x939;&#x930;</subfield>
  </datafield>
  <datafield tag="245" ind1=" " ind2=" ">
    <subfield code="a">&#x905;&#x92E;&#x930; &#x935;&#x940;&#x930;&#x93E;&#x902;&#x917;&#x928;&#x93E; &#x932;&#x915;&#x94D;&#x937;&#x94D;&#x92E;&#x940;&#x92C;&#x93E;&#x908; /</subfield>
    <subfield code="c">&#x92E;&#x928;&#x94B;&#x939;&#x930; &#x935;&#x930;&#x94D;&#x92E;&#x93E;</subfield>
  </datafield>
  <datafield tag="260" ind1=" " ind2=" ">
    <subfield code="b">&#x928;&#x935;&#x938;&#x93E;&#x915;&#x94D;&#x937;&#x930; &#x92A;&#x94D;&#x930;&#x915;&#x93E;&#x936;&#x928;</subfield>
    <subfield code="c">2017</subfield>
    <subfield code="a">&#x926;&#x93F;&#x932;&#x94D;&#x932;&#x940;</subfield>
  </datafield>
  <datafield tag="270" ind1=" " ind2=" ">
    <subfield code="b">&#x926;&#x93F;&#x932;&#x94D;&#x932;&#x940;</subfield>
    <subfield code="a">1/11437, &#x938;&#x941;&#x92D;&#x93E;&#x937; &#x92A;&#x93E;&#x930;&#x94D;&#x915; &#x90F;&#x915;&#x94D;&#x938;. &#x917;&#x932;&#x940; &#x928;.2,&#x928;&#x935;&#x940;&#x928; &#x936;&#x939;&#x93E;&#x926;&#x930;&#x93E;</subfield>
    <subfield code="e">110032</subfield>
    <subfield code="k"> </subfield>
  </datafield>
  <datafield tag="300" ind1="1" ind2=" ">
    <subfield code="a">104&#x92A;&#x943;.</subfield>
    <subfield code="c">22&#x938;&#x947;&#x92E;&#x940; (&#x938;&#x91C;&#x93F;&#x932;&#x94D;&#x926;)</subfield>
  </datafield>
  <datafield tag="500" ind1=" " ind2=" ">
    <subfield code="a">&#x92C;&#x932;&#x93F;&#x926;&#x93E;&#x928;&#x940; &#x92A;&#x941;&#x938;&#x94D;&#x924;&#x915; </subfield>
  </datafield>
  <datafield tag="942" ind1=" " ind2=" ">
    <subfield code="a">dpl</subfield>
    <subfield code="c">HN</subfield>
    <subfield code="2">ddc</subfield>
    <subfield code="m">&#x935;&#x930;&#x94D;&#x92E;&#x93E;&#x92E; </subfield>
    <subfield code="h">920</subfield>
  </datafield>
  <datafield tag="999" ind1=" " ind2=" ">
    <subfield code="c">74558</subfield>
    <subfield code="d">74558</subfield>
  </datafield>
  <datafield tag="952" ind1=" " ind2=" ">
    <subfield code="0">0</subfield>
    <subfield code="1">0</subfield>
    <subfield code="2">ddc</subfield>
    <subfield code="4">0</subfield>
    <subfield code="7">1</subfield>
    <subfield code="8">NFIC</subfield>
    <subfield code="a">DBAD</subfield>
    <subfield code="b">DBAD</subfield>
    <subfield code="d">2013-04-15</subfield>
    <subfield code="e">DBAD/PUB</subfield>
    <subfield code="g">200.00</subfield>
    <subfield code="l">0</subfield>
    <subfield code="o">920 &#x932;&#x915;&#x94D;&#x937;&#x94D;&#x92E;&#x940;&#x92C;&#x93E;</subfield>
    <subfield code="p">HN-71138</subfield>
    <subfield code="r">2013-04-15 00:00:00</subfield>
    <subfield code="t">1</subfield>
    <subfield code="v">200.00</subfield>
    <subfield code="w">2013-04-15</subfield>
    <subfield code="y">HN</subfield>
  </datafield>
  <datafield tag="952" ind1=" " ind2=" ">
    <subfield code="0">0</subfield>
    <subfield code="1">0</subfield>
    <subfield code="4">0</subfield>
    <subfield code="7">0</subfield>
    <subfield code="8">NFIC</subfield>
    <subfield code="a">L</subfield>
    <subfield code="b">L</subfield>
    <subfield code="d">2018-04-06</subfield>
    <subfield code="e">&#x915;&#x943;&#x924;&#x93F;&#x915;&#x93E; &#x92C;&#x941;&#x915;&#x94D;&#x938;/997/05-03-18/814/20-02-18/06-03-18</subfield>
    <subfield code="g">200.00</subfield>
    <subfield code="l">0</subfield>
    <subfield code="o">920 &#x935;&#x930;&#x94D;&#x92E;&#x93E;&#x92E;</subfield>
    <subfield code="p">B-690286</subfield>
    <subfield code="r">2018-04-06 00:00:00</subfield>
    <subfield code="t">1</subfield>
    <subfield code="v">200.00</subfield>
    <subfield code="w">2018-04-06</subfield>
    <subfield code="y">HN</subfield>
    <subfield code="z">&#x92C;&#x932;&#x93F;&#x926;&#x93E;&#x928;&#x940; </subfield>
  </datafield>
  <datafield tag="952" ind1=" " ind2=" ">
    <subfield code="0">0</subfield>
    <subfield code="1">0</subfield>
    <subfield code="4">0</subfield>
    <subfield code="7">0</subfield>
    <subfield code="8">NFIC</subfield>
    <subfield code="a">ZLS</subfield>
    <subfield code="b">ZLS</subfield>
    <subfield code="d">2018-04-06</subfield>
    <subfield code="e">&#x915;&#x943;&#x924;&#x93F;&#x915;&#x93E; &#x92C;&#x941;&#x915;&#x94D;&#x938;/997/05-03-18/814/20-02-18/06-03-18</subfield>
    <subfield code="g">200.00</subfield>
    <subfield code="l">0</subfield>
    <subfield code="o">920 &#x935;&#x930;&#x94D;&#x92E;&#x93E;&#x92E;</subfield>
    <subfield code="p">B-690287</subfield>
    <subfield code="r">2018-04-06 00:00:00</subfield>
    <subfield code="t">1</subfield>
    <subfield code="v">200.00</subfield>
    <subfield code="w">2018-04-06</subfield>
    <subfield code="y">HN</subfield>
    <subfield code="z">&#x92C;&#x932;&#x93F;&#x926;&#x93E;&#x928;&#x940; </subfield>
  </datafield>
</record>
